000 00795nam a2200217Ia 4500
001 12617
003 GE_BSU
008 181216s||||||||xx |||||||||||||| ||und||
040 _cGE_BSU
080 _a631.4
100 _aСоколов,Д.Ф.
245 _aВлияние лесной растительности на состав гумуса почв различных природных зон
245 _cОтв.ред.С.В.Зонн
260 _aМосква
260 _bИзд-во АНСССР
260 _c1962
300 _a182стр.26см.
300 _eТаблицы.Приложенияс.170-179
653 _aВлияние лесной растительности на состав гумуса почв различных природных зон
942 _cBK
999 _c45789
_d45789